Advanced engineering mathematics (Record no. 1337)

000 -LEADER
fixed length control field 00610nam a2200217 a 4500
001 - CONTROL NUMBER
control field 1337
003 - CONTROL NUMBER IDENTIFIER
control field BD-DhUET
008 - FIXED-LENGTH DATA ELEMENTS--GENERAL INFORMATION
fixed length control field 980909s1999 nyua b 001 0 eng
020 ## - INTERNATIONAL STANDARD BOOK NUMBER
International Standard Book Number 047133328X
040 ## - CATALOGING SOURCE
Original cataloging agency DLC
Transcribing agency DLC
Modifying agency BD-DhUET
082 00 - DEWEY DECIMAL CLASSIFICATION NUMBER
Classification number 530.15
Item number KRE/1999
100 ## - MAIN ENTRY--PERSONAL NAME
Personal name Kreyszig, Erwin
245 10 - TITLE STATEMENT
Title Advanced engineering mathematics
250 ## - EDITION STATEMENT
Edition statement 8th ed.
260 ## - PUBLICATION, DISTRIBUTION, ETC. (IMPRINT)
Place of publication, distribution, etc. New Delhi
Name of publisher, distributor, etc. John Wiley & Sons
Date of publication, distribution, etc. 1999
300 ## - PHYSICAL DESCRIPTION
Extent xvi,1156 p.+ various paging
504 ## - BIBLIOGRAPHY, ETC. NOTE
Bibliography, etc Includes bibliographies
650 #0 - SUBJECT ADDED ENTRY--TOPICAL TERM
Topical term or geographic name as entry element Engineering mathematics
856 41 - ELECTRONIC LOCATION AND ACCESS
Uniform Resource Identifier http://www.loc.gov/catdir/toc/onix04/98037591.html
942 ## - ADDED ENTRY ELEMENTS (KOHA)
Koha item type General Book
Holdings
Koha date last borrowed Date acquired Damaged status Koha issues (times borrowed) Copy number Shelving location Withdrawn status Koha item type Lost status Piece designation (barcode) Source of classification or shelving scheme Koha date last seen Koha renewals Koha normalized classification for sorting Location (home branch) Koha full call number Sublocation or collection (holding branch) Price effective from Not for loan
2024-01-302014-09-03 21Circulation section General Book 103814 2024-03-06 530_000000000000000_15KRE1999Central Library, BUET530.15/KRE/1999Central Library, BUET2014-09-03 
 2014-09-03  2Circulation section General Book 103815 2014-09-03 530_000000000000000_15KRE1999Central Library, BUET530.15/KRE/1999Central Library, BUET2014-09-03 
2024-01-222014-09-03 63Circulation section General Book 103816 2024-02-03 530_000000000000000_15KRE1999Central Library, BUET530.15/KRE/1999Central Library, BUET2014-09-03 
2024-01-302014-09-03 34Circulation section General Book 103817 2024-02-17 530_000000000000000_15KRE1999Central Library, BUET530.15/KRE/1999Central Library, BUET2014-09-03 
2024-01-302014-09-03 55Circulation section General Book 103818 2024-02-19 530_000000000000000_15KRE1999Central Library, BUET530.15/KRE/1999Central Library, BUET2014-09-03 
2024-01-302014-10-27 86Circulation section General Book 97509 2024-02-052530_150000000000000_KRE_1999Central Library, BUET530.15/KRE/1999Central Library, BUET2014-10-27 
 2015-06-16  7Reading section Reading Item 96647 2015-06-16 530_150000000000000_KRE_1999Central Library, BUET530.15/KRE/1999Central Library, BUET2015-06-16 
2025-12-012003-05-10 88Circulation section General Book 97508 2026-01-18 530_150000000000000_KRE_1999Central Library, BUET530.15/KRE/1999Central Library, BUET2017-05-28